000 00687cam a22002298i 4500
999 _c112644
_d112644
001 19164413
005 20190524103455.0
008 160629s2017 nyu 001 0 eng
020 _a9780815365105 (pbk : alk. paper)
040 _cPK-LaUMT
082 0 0 _a616.0756
_223
_bCLI-
245 1 0 _aClinical chemistry /
_cDavid White . . . [et al.]
260 _aNew York :
_bGarland Science,
_c2017
300 _axv, 587 p. :
_bcolor illustrations ;
_c28 cm
500 _aIncludes index.
650 1 2 _aChemistry Techniques, Analytical
650 1 2 _aChemistry, Clinical
_xmethods
700 1 _aLawson, Nigel,
700 1 _aMasters, Paul,
700 1 _aMcLaughlin, Daniel,
942 _cBK